MDQL
is popping MORE tags! Check the
thread
!
Quizzes
Events
Quiz Creation
Community
Videos
Private Events
Remove Ads
Sign In
Join for FREE
Feedback
Dark Mode
Quiz Categories
Sports
Geography
Music
Movies
Television
Just For Fun
Miscellaneous
History
Literature
Language
Science
Gaming
Entertainment
Religion
Holiday
For Kids
Quiz Lab
Recent
Popular Today
Quiz Kudos Today
Editor Picks
Curator Picks
Quizzes by...
Day
Popularity
Type
Ratings
Length
Year
Community
Subscriptions
Recent Discussions
Orange Saloon
Badges
Playlists
Quests
Create
Leaderboards
Showdown
Live 5
Trivia Bingo
Activity
Puzzle Library
Sporcle Events
Private Events
Virtual Trivia
Globe League
Become a Host
Pub Owners
SporcleCon
Opinionation
Our Games
Videos
Blog
Mobile Apps
Partnerships
Remove Ads and Go Orange
Feedback
Miscellaneous
Crossword
General Knowledge
Baby Names
Logo
Food
Cars
Numbers
Grab Bag
University
College
Popular
Company
Slogans
Restaurants
Justice
Letter
Miscellaneous
Crossword
General Knowledge
Baby Names
Logo
Food
Cars
Numbers
Grab Bag
University
College
Popular
Company
Slogans
Restaurants
Justice
Letter
Random Quiz
Search Sporcle
×
Quiz Lab
Quiz Lab
Miscellaneous
Sporcle
Type in answers that appear in a list
Type in answers that appear in a list
Classic
Best Score? Go Orange.
Ultimate Sporcle Trivia Stats
Can you name the answers to all of these trivia questions, all of which were created using Sporcle as the source?
By
GeoExpert
15m
99 Questions
3,531 Plays
3,531 Plays
3,531 Plays
Comments
Comments
Give Quiz Kudos
Give Quiz Kudos
-
- Ratings
hide this ad
More Info
Replay
Link that replays current quiz
Next Quiz
Link to next quiz in quiz playlist
You Got
0%
They Got
Avg Score
26%
Avg Friend Score
Upgrade to see
Score Distribution
Jump to the score distribution portion of the page
Score
0/99
Timer
15:00
0
Plays Today
Question
Answer
% Correct
Michael Jordan is in the Hall of Fame for what sport
Basketball
98%
What is the only country that borders Canada
United States
98%
Name one of the Great Lakes
Lake Superior...
96%
What is the largest planet in the solar system
Jupiter
91.8%
Who wrote 'Romeo and Juliet'
William Shakespeare
91.7%
Name one of Disney's seven dwarfs
Bashful...
90.9%
What woman has tall, blue hair on the TV show 'The Simpsons'
Marge Simpson
89.2%
What is the most populous country in South America
Brazil
88.9%
What city hosted the first modern Olympic Games in 1896
Athens, Greece
86.3%
'Yellow Submarine' is a song by what famous music group
The Beatles
83.4%
What is the first book in the Harry Potter series
Harry Potter and the Sorcerer's Stone
82.6%
Name one of the two MLB baseball teams in New York
Mets, Yankees
80.4%
In video games, what type a creature is Pikachu
Pokemon
79.1%
What is the capital of the U.S. state Arizona
Phoenix
76.2%
What element on the Periodic Table was an atomic number of 1
Hydrogen
73.5%
What does the chat acronym 'FTW' stand for
For the Win
68%
Who is the Greek god of the sea
Poseidon
66.3%
What is the SI unit for mass
Kilogram
64.4%
'That was easy,' is an advertising slogan for what company
Staples
61.3%
What is the most common word in the English language
The
58.1%
Who was the U.S. President at the time of Apollo 11
Richard Nixon
50.7%
Who wrote the books series 'The Series of Unfortunate Events'
Lemony Snicket
47.9%
What country has the world's most internet users
China
47.4%
Michael Scott and Dwight Schrute are characters on what TV show
The Office
42.6%
What type of triangle has no congruent sides
Scalene
40.7%
What is the first Monopoly property from the 'Go' Space (U.S.)
Mediterranean Avenue
39.5%
How many official languages does the United Nations have
Six
38.7%
What is the capital and largest city of Indonesia
Jakarta
38.4%
What is the birthstone for July
Ruby
36.9%
What U.S. federal holiday takes place on the second Monday in October
Columbus Day
34.4%
What is 'green' in French
Verte
33.5%
'Spirit Tracks' and 'Twilight Princess' are part of what game franchise
The Legend of Zelda
31.7%
Miranda and Puck are moons of what planet
Uranus
30.8%
Question
Answer
% Correct
Who is the current Prime Minister of Canada
Stephen Harper
30%
What is the fourteenth letter of the Greek alphabet
Xi
25.8%
What tennis player has the most career ATP #1 rankings
Pete Sampras
25.6%
How many U.S. states do not have a sales tax
Five
25.1%
Who won the 2008 AL Cy Young Award in baseball
Cliff Lee
23.5%
The Wyoming Cowboys are in what NCAA Division I conference
Mountain West
22.9%
Who played Dorothy's role in the 1939 film of 'The Wizard of Oz'
Judy Garland
22.9%
On what planet would a 160-
pound man weigh 180 pounds
Neptune
21.1%
Who succeeded Augustus as the emperor of Rome
Tiberius
19.4%
'Sweep the Leg' is a quote from what movie
Karate Kid
19.2%
Who has had the most U.K. #1 singles (songs)
Elvis Presley
17.9%
What country won the first World Cup (soccer)
Uruguay
17.2%
Who assassinated Archduke Franz Ferdinand of Austria-
Hungary
Gavrilo Princip
16.5%
What is the scientific name for a wolf
Canis Lupus
14.6%
What does the obscure chat acronym 'DIKU' stand for
Do I Know You
13.8%
What U.S. state is Marshall University located in
West Virginia
13.4%
According to 'The Hitchhiker's Guide to the Galaxy,' What is the answer to life, the universe, and everything
42
11.8%
Who won the sixth season of American Idol
Jordin Sparks
10.6%
How many MLB players have thrown multiple no-
hitters
25
9.4%
What astronaut flew on Mercury 7
Scott Carpenter
9.1%
What is the third-
largest city in Illinois
Rockford
8.8%
What baseball player has hit the most all-
time home runs for the Detroit Tigers
Al Kaline
8.7%
What is the fastest roller coaster in North America
Kingda Ka
8.2%
What is the tenth letter of the Greek alphabet
Kappa
8.1%
What was the name of the first ever episode of 'LOST'
Pilot: Part 1
7.7%
What Japanese emporer died on January 7, 1989
Hirohito
7.1%
How many states does India have
28
6.6%
Who is the only U.S. president to be born on July 4th
Calvin Coolidge
6.4%
What is the lone Mattel Game in the GAMES Hall of Fame
Othello
5.6%
What is the first Monopoly property from the 'Go' Space (U.K.)
Old Kent Road
5.1%
What is the third-
largest city in Russia
Novosibirsk
5%
What is the German word for 'Century'
Jahrhundert
4.6%
What is the University of Albany's athletics team name
Great Danes
4%
Question
Answer
% Correct
What is the term for a baby Platypus
Puggle
3.5%
What is the fifth-
most used web browser, according to MarketShare
Opera
3.5%
What U.S. state was admitted to the Union on December 14, 1819
Alabama
3.4%
What element has the symbol 'Pr'
Praseodymium
2.2%
What country is the world's leading cocoa bean producer
Côte d'Ivoire
1.9%
Who is the host of the NPR show 'Fresh Air'
Terry Gross
1.8%
What is the 12th-
most populated country in the world
Philippines
1.8%
What Ellen Raskin novel won the 1979 Newbery Award
The Westing Game
1.8%
Who is the third-
wealthiest person in the United States
Sheldon Adelson
1.7%
What Shakespeare character has the most lines
Falstaff
1.7%
Who won the Tour de France in 1998
Marco Pantani
1.5%
What 'phobia' word is used to call the fear of clowns
Coulrophobia
1.5%
What was the first team that Kenny Lofton played for
Houston Astros
1.4%
What movie did Steven Spielberg direct in 2004
The Terminal
1.4%
What Catholic Pope reigned during the years from 1513-
1521
Leo X
1.2%
Who is the current Classical World Chess champion
Viswanathan Anand
1.1%
What is the third-
most common Japanese surname
Takahashi
1%
What does the computer acronym 'ASP' stand for
Active Server Pages
1%
Exactly how many career pitching wins does Tom Seaver have
311
1%
What Irish author wrote 'The Minstrel Boy'
Thomas Moore
0.9%
Who won the Kentucky Derby in 1968
Forward Pass
0.9%
What river does Santiago, Chile sit on
Mapocho River
0.9%
What country has the sixth-
largest pig population
Vietnam
0.9%
Exactly how many MLB players were listed in the Mitchell Report
86
0.8%
What was the 97th most popular girl name of the 2000s
Nevaeh
0.8%
What is the Italian word for 'goat'
Il capro
0.7%
Porto dos Casais is the former name of what city
Porte Alegre, Brazil
0.6%
Who was the Time Person of the Year in 1970
Willy Brandt
0.5%
Who founded the American colony of New Hampshire
John Wheelwright
0.4%
What XBox 360 Banjo-
Kazooie word is first alphabetically
Banjo Land
0.2%
What was the name of Jimi Hendrix's final tour
The Cry of Love Tour
0.2%
What is the largest solar system object that begins with the letter Y'
Ymir
0.2%
What was the 33rd-
most populous U.S. city in 1900
Fall River, MA
0.1%
Quiz Playlist
Details
Report
Send in Message
Add To Playlist
More Info:
--Do you think you have what it takes to get a perfect score on this quiz? Your goal is to try to get as many answers as possible, so GOOD LUCK!
Classic:
Type in answers that appear in a list
Last Updated: Feb 16, 2017
Quiz Scoreboard
CHALLENGE
Sign Up to Join the Scoreboard
Show All
Scores
Hide
Comments
May contain spoilers
Recently Published
Street Fighter Characters
by Artimus82
Gaming
60s
9x9 Crossword: Cartoon Network
by jackfrog10
Miscellaneous
3m
College Basketball Coaching Resumes
by pancakes188
Sports
9m
More to Explore
Quiz From the Vault
Featured Blog Post
Where Did the Easter Bunny Come From?
hide this ad
You Might Also Like...
Tags
Sporcle Quiz
source
ultimate
Today's Top Quizzes in Miscellaneous
Browse Miscellaneous
hide this ad
Today's Top Quizzes in Sporcle
Browse Sporcle
Top Contributed Quizzes in Miscellaneous
1
5-to-1: Fast Food
2
The JOE quick-fire general knowledge quiz: Day 174
3
The JOE quick-fire general knowledge quiz: Day 173
4
5-to-1: Cocktails
5
The JOE quick-fire general knowledge quiz: Day 172
6
9x9 Crossword: Disney Movie Titles
7
Sunday Crossword: Famous Bodies of Water
8
9x9 Crossword: Charlie and the Chocolate Factory
9
The JOE quick-fire general knowledge quiz: Day 171
10
One Thing in Common: United Kingdom II
Explore More
Trending Topics
Marvel
NBA
Harry Potter
Anime
Disney
Crossword
Kpop
Song
Country
Soccer
Puzzle
NFL
WWE
Pokémon
The Office
hide this ad
More By:
GeoExpert
Quiz
Plays
Rating
Category
Featured
Created
Seven Ways to Reach First Base
1,086,464
4.16
Sports
Sep 9, 2009
Most Visited Cities
390,038
4.23
Geography
Sep 1, 2009
Top 20 Cities of Germany on a Map
324,553
4.70
Geography
Sep 6, 2009
Cities and Countries
311,424
4.28
Geography
May 29, 2009
Top 20 Cities of Spain on a Map
255,188
4.52
Geography
Aug 18, 2009
Go to Creator's Profile
Score Distribution
Quiz Creator Spotlight
GeoExpert
Follow
Send a Message
Quizzes Created
-
Created Quiz Play Count
-
More By This Creator
Popular Quizzes Today
1
Find the US States - No Outlines Minefield
2
Find the Countries of Europe - No Outlines Minefield
3
The Countries of the World
4
Find the US States
5
Risky Map Clicking: Biggest States A-Z
6
US States
7
Popular People in 1961
8
Movies - When Are They Set?
More Miscellaneous Quizzes
Wild Flowers or UK Hit Singles?
Quiz Lab
Trending Quizzes
Risky Map Clicking: Least Populous States A-Z
Countries of the World: 200 Million BC
1-10 Letter G Words
Risky Map Clicking: Next State Alphabetically
Adjectives in 80s TV Shows
Recently Updated
Leaping Animals
pecheneg
Reality TV Shows (A-Z)
bhenderson79
Rickey Henderson's Hall of Fame Teammates
pecheneg
Champions League XIs: Arsenal
pecheneg
Quick Pick: Celebrities in WWE's Hall of Fame
aduchscher
A-Z Keypad Blitz II
pecheneg
Multiple Oscar Actors
pecheneg
Mystery Phrase Blitz: Oscar 'Best Actors'
pecheneg
F. Scott Fitzgerald Novels
LTH
Pick 3 Villains
ddd62291
Trending Topics
Marvel
Harry Potter
Anime
NBA
Kpop
Crossword
Disney
WWE
Puzzle
Song
The Office
NFL
Pokémon
Soccer
Country
Your Account Isn't Verified!
In order to create a playlist on Sporcle, you need to verify the email address you used during registration. Go to your
Sporcle Settings
to finish the process.
Report this User
Report this user for behavior that violates our
Community Guidelines
.
Details:
Send Report
Go to the Sporcle.com Mobile Site →
Comments